000 00637nam a2200253Ia 4500
005 20260121161153.0
008 008 260114s9999 xx 000 0 eng d
020 _a9781003278153
037 _aEBOOK
040 _aCRL
040 _beng
040 _cCRL
041 _2eng
041 _aeng
084 _qCRL
100 _aCian T. McMahon; Kathleen P. Costello-Sullivan
_91041072
245 4 _aThe Routledge History of Irish America:
260 _bTaylor and Francis
260 _c2024
856 _uhttp://www.taylorfrancis.com/books/9781003278153
942 _cEBOOK
999 _c1607888
_d1607888